Khảo sát đa dạng di truyền của các vi khuẩn Xanthomonas oryzae pv. oryzae gây bệnh bạc lá lúa ở Tiền Giang : Luận văn tốt nghiệp Cao học. Chuyên ngành Công nghệ sinh học

Đề tài thu thập, phân lập và xác định nguồn bệnh bạc lá để phân tích sự đa dạng của các chủng phân lập.

محفوظ في:
التفاصيل البيبلوغرافية
المؤلف الرئيسي: Nguyễn, Thị Liên
التنسيق: كتاب
اللغة:Undetermined
منشور في: Cần Thơ Trường Đại học Cần Thơ 2014
الموضوعات:
الوسوم: إضافة وسم
لا توجد وسوم, كن أول من يضع وسما على هذه التسجيلة!
Thư viện lưu trữ: Trung tâm Học liệu Trường Đại học Cần Thơ
LEADER 01048nam a2200217Ia 4500
001 CTU_197788
008 210402s9999 xx 000 0 und d
082 |a 579.3 
082 |b L305 
088 |a 60420201 
100 |a Nguyễn, Thị Liên 
245 0 |a Khảo sát đa dạng di truyền của các vi khuẩn Xanthomonas oryzae pv. oryzae gây bệnh bạc lá lúa ở Tiền Giang : 
245 0 |b Luận văn tốt nghiệp Cao học. Chuyên ngành Công nghệ sinh học 
245 0 |c Nguyễn Thị Liên ; Trần Nhân Dũng, Trần Thị Xuân Mai (Cán bộ hướng dẫn) 
260 |a Cần Thơ 
260 |b Trường Đại học Cần Thơ 
260 |c 2014 
520 |a Đề tài thu thập, phân lập và xác định nguồn bệnh bạc lá để phân tích sự đa dạng của các chủng phân lập. 
650 |a Microbiology,Vi sinh vật 
910 |a Hải 
980 |a Trung tâm Học liệu Trường Đại học Cần Thơ